000 01245cab a2200337 4500
001 ABS46912
008 090401t1992 xxu||||| |||| 00| 0 eng d
035 _a(Sirsi) u60113
041 _aeng
100 _aBaum, A.E.
245 4 _aThe initial yield revealed: explicit valuations and the future of property investment
260 _c1992
350 _a0
490 _aJournal of Property Valuation and Investment
_v10(4) Summer 1992, 709-726(18)
520 _aIdentifies the inadequacy of traditional methods of investment valuation and of a surveyor`s education in this field. Illustrated with worked examples of valuations. Urges surveyors to develop investment advice separately from agency work and for the profession to respond to the changing investment market.
650 _aCASH FLOW MODEL
650 _aEXPLICIT VALUATION
650 _aFISHERS MODEL
650 _aGORDENS GROWTH MODEL
650 _aINITIAL YIELDS
650 _aINVESTMENT ANALYSIS
650 _aINVESTMENT
650 _aRICS
650 _aValuation
_96273
650 _aYIELD DECONSTRUCTION
650 _aYIELDS
690 _aPROPERTY-PROPERTY FINANCE AND INVESTMENT
690 _aRATING AND VALUATION
942 _n0
948 _c04/03/1997
999 _c37027
_d37027